| 000 | 00000nam##2200000za#4500 |
| 001 | 9.686098 |
| 003 | CaOODSP |
| 005 | 20210624230401 |
| 007 | cr ||||||||||| |
| 008 | 150407|1998||||xxc|||||o f|0| 0 eng|d |
| 020 | |a0-662-30449-7 |
| 040 | |aCaOODSP|beng |
| 043 | |an-cn--- |
| 086 | 1 |aE2-351/1998E-IN |
| 110 | 1 |aCanada.|bForeign Affairs and International Trade. |bCanadian Centre for Foreign Policy Development. |
| 245 | 10|a"The Future of Nuclear Arms": Implications for Canadian Foreign Policy : |h[electronic resource]|bintegrated report from roundtables in Ottawa, Kingston & Victoria |
| 260 | |aOttawa - Ontario : |bForeign Affairs and International Trade. |cDecember 1998. |
| 300 | |a10p. |
| 590 | |a10-07-Supp|b2010-09-08 |
| 690 | 07|aForeign policy|2gcpds |
| 690 | 07|aNuclear weapons|2gcpds |
| 776 | 0#|tThe future of nuclear arms: implications for Canadian foreign policy : |w(CaOODSP)9.648162 |
| 856 | 40|ahttp://publications.gc.ca|qPDF|s323 KB|uhttps://publications.gc.ca/collections/Collection/E2-351-1998E.pdf |
| 986 | |a1008.5E |